|
|
|
|
| LEADER |
00643nam a22001697a 4500 |
| 005 |
20160820112717.0 |
| 008 |
100125t xxu||||| |||| 00| 0 eng d |
| 082 |
|
|
|a 330.101.52
|b HEN
|
| 100 |
|
|
|a Henin,Pierre,Yues
|9 7243
|
| 245 |
|
|
|a Macrodynamics
|b fluctuations and growth; a study of the economy in equillibrium and disequillibrium
|
| 300 |
|
|
|a x,455p.
|
| 653 |
|
|
|a Macrodynamics
|a equillibrium
|a disequillibrium
|
| 942 |
|
|
|c BK
|6 _
|
| 260 |
|
|
|a London
|b Routledge & Kegan Paul
|c 1986
|
| 020 |
|
|
|a 0710206631
|
| 999 |
|
|
|c 175027
|d 175027
|
| 952 |
|
|
|0 0
|1 0
|2 ddc
|4 0
|6 33010152_HEN
|7 0
|9 226790
|a DAE
|b DAE
|d 2010-01-25
|o 330.101.52 HEN
|p ECO05943
|r 2016-08-20
|w 2016-08-20
|y BK
|